000 00611nam a2200181 4500
999 _c189085
_d189085
005 20220613144429.0
010 _aENG-133246
020 _a9789384861087
_c950.00
035 _aEN-116778
037 _bDBAD/PUB
082 _a934
100 _aPathak, Deepak
245 _aArt and Craft Of Indus Valley Civilization/
_cDeepak Pathak
260 _aDelhi
_bJyotsana Publications
_c2015
270 _bDelhi
_aE-Block, 422/6, 4th Floor, 15H Sahdev Gali, Ashok Nagar, Shahdara
_e110093
_mjyotsnapublication@gmail.com
300 _av, 231p.
_bBibliography
_c22cm(hbk)
942 _2ddc
_cEN
_h934
_mPAT